Acumulación originaria y desarrollo del capitalismo en El Salvador

Đã lưu trong:
Chi tiết về thư mục
Tác giả chính: Menjívar Larín, Rafael
Định dạng: Texto
Được phát hành: San José: EDUCA
Các nhãn: Thêm thẻ
Không có thẻ, Là người đầu tiên thẻ bản ghi này!

MARC

LEADER 00000 a a2200000 04500
001 22652
003
040
090 |a 155300  
100 |a Menjívar Larín, Rafael  
245 |a Acumulación originaria y desarrollo del capitalismo en El Salvador  
260 |a San José:   |b EDUCA  
300 |a 169 p.   |b **no definido**  
999 |c 443  |d 443